00615 2200217 4500001002100000005001500021035002000036008004100056245007300097250001000170260003300180300005000213020002200263084001400285082001000299650002800309863001600337711002200353990001100375990001100386INLIS00000000001183920220620110833 a0010-0622000349220620 b 0 ind  aKomik Sains Bocah Pintar :bHidung, Indra Pembau /cSmartkids Studio acet.1 aYogyakarta :bRainbow,c2018 a33 hal. :bilus. ;c28 cm.-- Seri Panca Indra a978-979-29-6852-1 a741.5 KOM a741.5 4aCERITA BERGAMBAR. KOMIK aPanca Indra0 aSMARTKIDS, Studio a7726 a a7726 b